1151 1468 1570 1178 1922 1411 1935 1545 1256 1652 1856 1567 1384 1004 1887 1090 1998 1077 1824 1563 1301 1361 1691 1339 1201 1896 1015 1980 1769 1467 1572 1693 1116 1136 1026 1686 1674 1563 1954 1312 1894 1212 1669 1308 1174 1093 1334 1316 1557 1391 1152 1911 1124 1191 1376 1232 1710 1178 1635 1817 1263 1556 1697 1047 1325 1838 1516 1304 1222 1717 1999 1868 1393 1087 1533 1838 1815 1393 1266 1767 1880 1068 1354 1034 1868 1174 1701 1574 1088 1121 1566 1418 1353 1894 1251 1211 1265 1526 1652 BCNSPRNW ULIB Ver.6.0+V

เปลี่ยนเป็นภาษาไทย

Change to English
 แสดงรายละเอียดบรรณานุกรม
  กลับหน้าหลัก

Brief Record : Get Marc (ISO 2709) : E-mail record : QR code < ปิดหน้าต่าง
LEADER : 00000nam 2200000uu 4500
001    13399115093
003     ULIB
008    120110s2541||||th 000 0 tha d
020    9745898732
099    วพ.WA350^bป168ก
100 0  ปนัดดา จันผ่อง
245 00 การรับรู้บทบาทการเป็นบิดาของนักศึกษาชายระดับประกาศนียบัตรวิชาชีพชั้นสูง จังหวัดนครสวรรค์/^cปนัดดา จันผ่อง
260    กรุงเทพฯ :^bมหาวิทยาลัยมหิดล,^c2541
300    176 หน้า :^bตาราง
500    รายงานวิทยานิพนธ์
650  7 บทบาทการเป็นบิดา^xนักศึกษาชายระดับประกาศนียบัตรวิชาชีพชั้นสูง^xวิทยานิพนธ์
710 1  มหาวิทยาลัยมหิดล
945    ^p0^l0^i014366
945    ^p0^l0^i032865
945    ^p0^l0^i032867
995    เกษร
999 ^a ทศพร
รายการนี้ยังไม่มีแท็ก
คุณยังไม่ได้ล็อกอิน คุณสามารถมีกิจกรรมร่วมกับเว็บไซต์ได้ แต่ต้องล็อกอินก่อน ::
  ล็อกอิน

รายการสื่อสารสนเทศ

ลำดับที่ ประเภท เลขเรียก/บาร์โค้ด สถานที่ สถานะ
1. วิทยานิพนธ์
วิทยานิพนธ์
วพ.WA350 ป168ก ฉ.1 
  Barcode: 014366
ห้องสมุดวิทยาเขตสวรรค์ประชารักษ์
►วิจัย
บนชั้น
2. งานวิจัย
งานวิจัย
วพ.WA350 ป168ก ฉ.2 
  Barcode: 032865
ห้องสมุดวิทยาเขตสวรรค์ประชารักษ์
►วิจัย
บนชั้น
3. งานวิจัย
งานวิจัย
วพ.WA350 ป168ก ฉ.3 
  Barcode: 032867
ห้องสมุดวิทยาเขตสวรรค์ประชารักษ์
►วิจัย
บนชั้น

BibComment


ยังไม่เคยถูกคอมเมนท์

คอมเมนท์ทรัพยากรรายการนี้
  คอมเมนท์: การรับรู้บทบาทการ..


 Copyright 2026. Bcnsprnw @Library